000 00739nam a2200265 i 4500
001 C2-0245998
003 PPAK
005 20180727210837.0
008 030320s2001 my |||| ||||| | may d
020 _a9831378377
040 _aPPAK
_beng
_cPPAK
_erda
082 0 4 _a899.233
_223
090 0 0 _a899.233
_bBAH
_dG
100 0 _aBaharuddin Kahar,
_eauthor
245 1 0 _aSenja Kala
264 1 _aKuala Lumpur :
_bDewan Bahasa dan Pustaka ,
_c2001
300 _axv, 182 pages ;
_c21 cm
336 _2rdacontent
_atext
337 _2rdamedia
_aunmediated
338 _2rdacarrier
_avolume
490 1 _aSiri novel Malaysia pilihan abad 20
650 1 0 _aMalay fiction
830 0 _aSiri novel Malaysia pilihan abad 20
942 _ddc
_cB
999 _c59981
_d59981